Raúl Hernández Novás : la busca cruel /

में बचाया:
ग्रंथसूची विवरण
मुख्य लेखक: González Sánchez, Ronel
स्वरूप: अज्ञात
भाषा:Spanish
विषय:
टैग: टैग जोड़ें
कोई टैग नहीं, इस रिकॉर्ड को टैग करने वाले पहले व्यक्ति बनें!

MARC

LEADER 000000000a22000000004500
001 002675
041 0 |a spa 
100 1 |a González Sánchez, Ronel 
245 1 0 |a Raúl Hernández Novás :   |b la busca cruel /   |c Ronel González Sánchez. 
310 |a trimestral 
650 4 |a HERNANDEZ NOVAS, RAUL, 1948-1993 
650 4 |a LITERATURA CUBANA 
650 4 |a POESIA 
650 4 |a CRITICAS. 
773 0 |x 008-7157  |d La Habana, Cuba : Casa de las Américas  |t Casa de las Américas  |g número 140 (2005), páginas 106-113 
942 |c ARC 
999 |c 9952  |d 9952